00741nai a2200193Ia 4500003000900000008004100009022002200050022002300072040001600095245005700111260008600168310001400254362003600268521006900304650004700373650002000420650001400440856009300454IN-BaIIA211028c9999 xx s 000 0 eng d a0096-2511 (Print) a2331-1630 (Online) cIIA Library 0aIRE Transactions on Military Electronicsh[eJournal] aNew York, USAbThe Institute of Electrical and Electronics Engineers, Inc. (IEEE) aQuarterly aMIL-1(1); 1957 - MIL-6(4); 1962 bSubscribed through National Knowledge Resource Consortium (NKRC) a Components, Circuits, Devices and Systems a Transportation aAerospace uhttps://ieeexplore.ieee.org/servlet/opac?punumber=5008109yClick Here to Access eJournal